000 00666cam a2200229 4500500
005 20260405003352.0
041 _afre
042 _adc
100 1 0 _aPortevin, Catherine
_eauthor
245 0 0 _a« L’Art, c’est bien fini »
260 _c2021.
500 _a99
690 _aArt contemporain
690 _aBeauté
690 _aEsthétique
690 _aIndividualisme
690 _aPolitique
690 _aSensation
690 _aYves Michaud
786 0 _nPhilosophie magazine | 153 | 10 | 2021-10-01 | p. 67-68 | 1951-1787
856 4 1 _uhttps://shs.cairn.info/magazine-philosophie-magazine-2021-10-page-67?lang=fr&redirect-ssocas=7080
999 _c2066889
_d2066889